| 000 | 00483nam a22001817a 4500 | ||
|---|---|---|---|
| 003 | CEME | ||
| 005 | 20210628202512.0 | ||
| 008 | 210121b xxu||||| |||| 00| 0 eng d | ||
| 020 | _a81-7649-709-6 | ||
| 040 | _cceme | ||
| 082 | _a658.314 SCO | ||
| 100 |
_aScott, Dru _960192 |
||
| 245 | _aStress that motivates ,self talk secrets for success | ||
| 260 |
_aNEW DELHI _bVIVA BOOKS _c2004 |
||
| 300 | _aVII,110P | ||
| 650 |
_aMOTIVATION.MOTIVATING PEOPLE _918015 |
||
| 942 |
_cBK _2ddc |
||
| 999 |
_c569986 _d569986 |
||